| 000 | 00567nam a2200217Ia 4500 | ||
|---|---|---|---|
| 005 | 20250425162642.0 | ||
| 008 | 250425s9999 xx 000 0 und d | ||
| 041 | _aspa | ||
| 043 | _aec | ||
| 082 | _a658.4092 | ||
| 100 | _aBASTIDAS RIOFRIO, GIOVANNY | ||
| 245 | 0 | _aCONSTRUCCION DE CONSENSOS BASADOS EN LA RESOLUCION DE CONFLICTOS: MODULO 7 | |
| 250 | _a1A. ED. | ||
| 260 |
_aEcuador _bESPOL-ESPAE-FEN _c2011 |
||
| 260 | _aGUAYAQUIL | ||
| 650 | _aLIDERAZGO | ||
| 650 | _aPROPUESTAS | ||
| 650 | _aSOLUCION DE CONFLICTOS | ||
| 942 | _c01 | ||
| 010 | _a94147 | ||
| 999 |
_c233643 _d233643 |
||